000 00683nam a2200217Ii 4500
003 JO-AjNU
008 230605s9999||||xx |||||||||||||| ||und||
017 _a2015/2/593
040 _aJO-AjNU
_bara
_erda
_cJO-AjNU
041 _aara
050 1 4 _aJA64 2015
100 3 _aإعداد مشاقبة، أمين,
_eauthor
_950511
245 0 0 _aالوجيز في المفاهيم والمصطلحات السياسية
250 _aط1
264 3 1 _aعمان: المؤلف، 2015
300 _a100ص
336 _atext
_btxt
_2rdacontent
337 _aunmediated
_bn
_2rdamedia
338 _avolume
_bnc
_2rdacarrier
650 4 _aالعلوم السياسية - مصطلحات
_950512
999 _aA22255
_c25823
_d25823